[Event "DEM U10/U10w 2010"]
[Site "Oberhof GER"]
[Date "2010.05.25"]
[Round "5"]
[White "Tsoumanis, Neoptolemos"]
[Black "Petersen, Marcel"]
[Result "0-1"]
[Termination "normal"]
[Board "23"]
[WhiteElo "1105"]
[BlackElo "1292"]
[PlyCount "26"]
[BlackFideId "12935670"]
[EventCountry "GER"]
[EventRounds "11"]
[EventType "swiss"]
[EventDate "2010.05.22"]

1. e4 c5 2. f4 d6 3. Nf3 g6 4. Nc3 Bg7 5. Bc4 e6 6. d4 cxd4 7. Nxd4 Nc6 8. Be3
Qb6 9. Nce2 e5 10. Nxc6 Qxe3 11. Qxd6 Qb6 12. Bb5 Bd7 13. Nxa7 Qxd6 0-1

[Event "DEM U10/U10w 2010"]
[Site "Oberhof GER"]
[Date "2010.05.25"]
[Round "5"]
[White "Kasel, Mario"]
[Black "Martin, Julian"]
[Result "1-0"]
[Termination "normal"]
[Board "24"]
[WhiteElo "1285"]
[BlackElo "1126"]
[PlyCount "123"]
[WhiteFideId "24660957"]
[BlackFideId "12941000"]
[EventCountry "GER"]
[EventRounds "11"]
[EventType "swiss"]
[EventDate "2010.05.22"]

1. e4 e5 2. Nf3 Nc6 3. Bc4 Bc5 4. Nc3 Nf6 5. d3 d6 6. Bg5 h6 7. Bh4 g5 8. Bg3
a6 9. h3 g4 10. hxg4 Bxg4 11. Bh4 Nd4 12. Nd5 Qc8 13. Nxf6+ Kf8 14. Nxg4 Qxg4
15. Bg3 Qg7 16. Nxd4 Bxd4 17. c3 Ba7 18. Qh5 c6 19. d4 Rh7 20. dxe5 dxe5 21.
Qxe5 Qg4 22. Qf5 Qg7 23. e5 Re8 24. O-O-O Qg6 25. Qxg6 fxg6 26. e6 Bc5 27. b4
Be7 28. Rd7 b5 29. Bb3 h5 30. Bh4 g5 31. Bg3 h4 32. Bd6 Rh6 33. Bxe7+ Rxe7 34.
Rxe7 Kxe7 35. Rd1 Rf6 36. Rd7+ Ke8 37. f3 g4 38. fxg4 Rf2 39. Rh7 Rxg2 40. Rxh4
Rg3 41. Kd2 Ke7 42. Rh7+ Ke8 43. Rg7 Rh3 44. e7 Rg3 45. Bf7+ Kxe7 46. Bh5+ Ke6
47. Ra7 Rg2+ 48. Kc1 Rxa2 49. Bf7+ Kf6 50. Bxa2 Kg5 51. Rxa6 Kxg4 52. Rxc6 Kf5
53. Rd6 Ke5 54. Rd5+ Ke4 55. Rxb5 Kd3 56. Rc5 Ke4 57. b5 Kd3 58. b6 Ke4 59. b7
Kd3 60. b8=Q Ke4 61. Qe5+ Kd3 62. Rd5# 1-0

[Event "DEM U10/U10w 2010"]
[Site "Oberhof GER"]
[Date "2010.05.25"]
[Round "5"]
[White "Nguyen, Anh Van"]
[Black "Diener, Carolin"]
[Result "0-1"]
[Termination "normal"]
[Board "26"]
[WhiteElo "1095"]
[BlackElo "1208"]
[PlyCount "78"]
[WhiteFideId "12908223"]
[BlackFideId "24699063"]
[EventCountry "GER"]
[EventRounds "11"]
[EventType "swiss"]
[EventDate "2010.05.22"]

1. d4 d5 2. Nf3 e6 3. c4 Nf6 4. Bg5 Be7 5. Nc3 O-O 6. e3 Nbd7 7. c5 c6 8. Bd3
b6 9. b4 Qc7 10. O-O e5 11. Bf5 exd4 12. exd4 Re8 13. Re1 Nf8 14. Bxf6 Bxf5 15.
Be5 Qd7 16. Ne2 Bg4 17. Ng3 Ng6 18. h3 Nxe5 19. Rxe5 Be6 20. Ng5 Bf6 21. Nxe6
Bxe5 22. Ng5 Bf6 23. Nf3 bxc5 24. bxc5 Rab8 25. Nh5 Qf5 26. Ng3 Qf4 27. Ne2 Qh6
28. Ng3 g6 29. Nh2 Rb4 30. Ng4 Qg7 31. Nxf6+ Qxf6 32. Qg4 Kh8 33. Ne2 Rb2 34.
Nc3 Qxf2+ 35. Kh1 Rc2 36. Nd1 Qe2 37. Qg5 Qd2 38. Qf6+ Kg8 39. Rb1 Qxg2# 0-1

[Event "DEM U10/U10w 2010"]
[Site "Oberhof GER"]
[Date "2010.05.25"]
[Round "5"]
[White "Halas, Julia"]
[Black "Mildner, Ramón"]
[Result "1/2-1/2"]
[Termination "normal"]
[Board "27"]
[WhiteElo "1091"]
[BlackElo "1200"]
[PlyCount "41"]
[WhiteFideId "12931810"]
[BlackFideId "12909645"]
[EventCountry "GER"]
[EventRounds "11"]
[EventType "swiss"]
[EventDate "2010.05.22"]

1. e4 e6 2. d4 d5 3. exd5 exd5 4. Bd3 Nf6 5. Nc3 Nc6 6. Nf3 Bd6 7. O-O O-O 8.
Bg5 Bg4 9. Be2 Be7 10. h3 Bh5 11. Re1 Bg6 12. Bd3 Ne8 13. Bxe7 Nxe7 14. Ne5
Bxd3 15. Qxd3 Ng6 16. Rad1 c6 17. Qg3 Nc7 18. Re3 Qh4 19. Qxh4 Nxh4 20. Rg3 Ng6
21. Re1 1/2-1/2

[Event "DEM U10/U10w 2010"]
[Site "Oberhof GER"]
[Date "2010.05.25"]
[Round "5"]
[White "Rockmann, Jan-Okke"]
[Black "Reimers, Kim"]
[Result "0-1"]
[Termination "normal"]
[Board "28"]
[WhiteElo "1013"]
[BlackElo "1192"]
[PlyCount "48"]
[WhiteFideId "12942111"]
[BlackFideId "12930377"]
[EventCountry "GER"]
[EventRounds "11"]
[EventType "swiss"]
[EventDate "2010.05.22"]

1. d4 Nf6 2. Nf3 g6 3. Nc3 Bg7 4. Bg5 O-O 5. e4 d6 6. Bc4 e5 7. dxe5 dxe5 8.
O-O Qxd1 9. Raxd1 Nc6 10. Bxf6 Bxf6 11. Nd5 Bd8 12. b4 Bg4 13. Rd3 Bxf3 14.
Rxf3 Nd4 15. Rd3 Nxc2 16. f4 c6 17. Ne3 Nxe3 18. Rxe3 Bb6 19. fxe5 Bxe3+ 20.
Kh1 Kg7 21. a4 Rad8 22. Rb1 Rd4 23. Bf1 Rfd8 24. Be2 Rd2 0-1

[Event "DEM U10/U10w 2010"]
[Site "Oberhof GER"]
[Date "2010.05.25"]
[Round "5"]
[White "Matzeit, Adrian"]
[Black "Burg, Niclas"]
[Result "0-1"]
[Termination "normal"]
[Board "29"]
[WhiteElo "1175"]
[BlackElo "1467"]
[PlyCount "152"]
[WhiteFideId "12946737"]
[BlackFideId "1271968"]
[EventCountry "GER"]
[EventRounds "11"]
[EventType "swiss"]
[EventDate "2010.05.22"]

1. e4 c5 2. Nf3 Nc6 3. Bb5 e6 4. O-O Nf6 5. Nc3 Be7 6. d3 O-O 7. Bf4 d5 8. Bxc6
bxc6 9. e5 Nd7 10. Re1 Qc7 11. Bg3 Ba6 12. Rb1 c4 13. d4 Bb4 14. a3 Bxc3 15.
bxc3 Qa5 16. Qd2 Nb6 17. Bh4 Rfe8 18. h3 Na4 19. Re3 c5 20. Kh1 Nb6 21. Ree1
Bb7 22. Bg3 cxd4 23. cxd4 Qxa3 24. Ra1 Qe7 25. Bh4 Qc7 26. c3 a5 27. Reb1 a4
28. Qb2 Ra6 29. Qb5 Rea8 30. Qc5 Rc8 31. Be7 Qd7 32. Qd6 Qxd6 33. exd6 Rb8 34.
Ne5 Nc8 35. Nd7 Rba8 36. Rxb7 Nxd6 37. Bxd6 Rxd6 38. Nc5 a3 39. Kh2 Rdd8 40.
Rd7 Rdb8 41. Rb7 Rxb7 42. Nxb7 Kf8 43. Nd6 Ke7 44. Nb5 a2 45. Nc7 Ra3 46. Nb5
Ra5 47. Kg3 Rxb5 48. Rxa2 Rb3 49. Rc2 Kf6 50. Kf4 g5+ 51. Ke3 Kf5 52. g4+ Kg6
53. Kf3 f5 54. Kg3 f4+ 55. Kf3 h5 56. Kg2 hxg4 57. hxg4 Kf6 58. Kf3 e5 59.
dxe5+ Kxe5 60. Ke2 Ke4 61. f3+ Ke5 62. Kd2 d4 63. Rc1 Rb2+ 64. Rc2 Rxc2+ 65.
Kxc2 dxc3 66. Kxc3 Kd5 67. Kc2 Kd4 68. Kd2 c3+ 69. Ke2 c2 70. Kd2 c1=Q+ 71.
Kxc1 Ke3 72. Kd1 Kxf3 73. Ke1 Kg2 74. Ke2 f3+ 75. Ke1 f2+ 76. Ke2 f1=Q+ 0-1

[Event "DEM U10/U10w 2010"]
[Site "Oberhof GER"]
[Date "2010.05.25"]
[Round "5"]
[White "Stobbe, Frederik"]
[Black "Kitze, Alexander"]
[Result "0-1"]
[Termination "normal"]
[Board "30"]
[WhiteElo "1157"]
[BlackElo "1323"]
[PlyCount "50"]
[BlackFideId "12914827"]
[EventCountry "GER"]
[EventRounds "11"]
[EventType "swiss"]
[EventDate "2010.05.22"]

1. e4 c5 2. d4 cxd4 3. c3 dxc3 4. Nxc3 e5 5. Nf3 Nc6 6. Bc4 Bc5 7. O-O Nge7 8.
Qe2 O-O 9. Rd1 d6 10. Bg5 Kh8 11. Bxe7 Qxe7 12. Nd5 Qd8 13. Rac1 Bg4 14. Qd3
Nd4 15. Nxd4 Bxd1 16. Qxd1 Bxd4 17. Qb3 Qh4 18. Qf3 Rac8 19. Rc2 b5 20. Bb3
Rxc2 21. Bxc2 Rc8 22. Qxf7 Qxf2+ 23. Qxf2 Bxf2+ 24. Kxf2 Rxc2+ 25. Ke3 Rxb2 0-1

[Event "DEM U10/U10w 2010"]
[Site "Oberhof GER"]
[Date "2010.05.25"]
[Round "5"]
[White "Niermann, Tristan"]
[Black "Hoffmann, Christoph"]
[Result "1-0"]
[Termination "normal"]
[Board "32"]
[WhiteElo "1199"]
[BlackElo "1094"]
[PlyCount "71"]
[WhiteFideId "12990698"]
[EventCountry "GER"]
[EventRounds "11"]
[EventType "swiss"]
[EventDate "2010.05.22"]

1. e4 e5 2. Nf3 Nc6 3. Bc4 Bc5 4. Nc3 Nf6 5. d3 h6 6. Be3 Bb6 7. Qd2 d6 8. h3
O-O 9. Nd5 Bxe3 10. fxe3 Re8 11. O-O b6 12. Qf2 Bd7 13. Qg3 Kf8 14. Nxf6 gxf6
15. Nd2 Na5 16. Qh4 Nxc4 17. Qxh6+ Kg8 18. Nxc4 Re6 19. Rf3 f5 20. Rg3+ Rg6 21.
Rxg6+ fxg6 22. Qxg6+ Kf8 23. exf5 Qe8 24. Rf1 Qxg6 25. fxg6+ Kg7 26. Rf7+ Kxg6
27. Rxd7 Rc8 28. Nd2 Kf6 29. Ne4+ Ke6 30. Rg7 d5 31. Nc3 a6 32. b4 Kd6 33. e4
d4 34. Nd5 c5 35. Rg6+ Kd7 36. Nxb6+ 1-0

[Event "DEM U10/U10w 2010"]
[Site "Oberhof GER"]
[Date "2010.05.25"]
[Round "5"]
[White "Sadewasser, Lucie"]
[Black "Riegel, Arinna"]
[Result "0-1"]
[Termination "normal"]
[Board "33"]
[WhiteElo "1197"]
[BlackElo "1013"]
[PlyCount "108"]
[WhiteFideId "12905445"]
[BlackFideId "12931446"]
[EventCountry "GER"]
[EventRounds "11"]
[EventType "swiss"]
[EventDate "2010.05.22"]

1. e4 e5 2. Nf3 Nf6 3. Nxe5 d6 4. Nf3 Nxe4 5. Qe2 Qe7 6. d3 Nf6 7. Nc3 Bg4 8.
Qxe7+ Bxe7 9. Be2 O-O 10. O-O Nbd7 11. Bg5 d5 12. Nb5 c6 13. Nc3 Rfe8 14. h3
Bf5 15. g4 Be6 16. Nd4 Nc5 17. b4 Ncd7 18. a3 Nf8 19. Rfe1 Bd7 20. Nb3 Ne6 21.
Be3 b6 22. g5 Rad8 23. gxf6 Bxf6 24. Bd2 Nd4 25. Nxd4 Bxd4 26. Rab1 Bxh3 27.
Nd1 Re6 28. Be3 Be5 29. Bh5 Rde8 30. f3 d4 31. Bd2 Bd6 32. Rxe6 Rxe6 33. Bg4
Rg6 34. Nf2 h5 35. Nxh3 hxg4 36. fxg4 Rxg4+ 37. Kf2 Rh4 38. Ng1 Rh2+ 39. Ke1
Bg3+ 40. Kd1 Rf2 41. Kc1 f5 42. Nh3 Rh2 43. Nf4 Rh1+ 44. Kb2 Rh2 45. Bc1 Kf7
46. Kb3 g5 47. Nd5 cxd5 48. Bxg5 b5 49. Rf1 Kg6 50. Bf4 Rf2 51. Rxf2 Bxf2 52.
a4 a6 53. axb5 axb5 54. c4 Be3 0-1

[Event "DEM U10/U10w 2010"]
[Site "Oberhof GER"]
[Date "2010.05.25"]
[Round "5"]
[White "Kirn, Niklas Johann"]
[Black "Du, Katharina"]
[Result "1/2-1/2"]
[Termination "normal"]
[Board "34"]
[WhiteElo "1188"]
[BlackElo "1006"]
[PlyCount "71"]
[WhiteFideId "12910899"]
[BlackFideId "12945757"]
[EventCountry "GER"]
[EventRounds "11"]
[EventType "swiss"]
[EventDate "2010.05.22"]

1. e4 e5 2. Nf3 Nc6 3. Bb5 d6 4. Nc3 Nf6 5. h3 Be6 6. d4 exd4 7. Nxd4 Bd7 8.
Be3 a6 9. Bxc6 bxc6 10. Qe2 c5 11. Nb3 a5 12. Nd2 Bc6 13. Rd1 Rb8 14. b3 g6 15.
Bg5 h6 16. Bxf6 Qxf6 17. Nd5 Bxd5 18. exd5+ Be7 19. Nc4 Ra8 20. O-O O-O 21.
Rfe1 Rfe8 22. Rd3 Bf8 23. Re3 Rxe3 24. Qxe3 Bg7 25. a4 Qf5 26. Qe4 Qxe4 27.
Rxe4 Bc3 28. Re7 Rc8 29. f4 Kf8 30. Re2 h5 31. Kf1 c6 32. Nxd6 Rd8 33. Ne4 Bb4
34. dxc6 Rc8 35. c3 Ba3 36. Nd6 1/2-1/2

[Event "DEM U10/U10w 2010"]
[Site "Oberhof GER"]
[Date "2010.05.25"]
[Round "5"]
[White "Grieb, Lukas"]
[Black "Arnhold, Steffi"]
[Result "1-0"]
[Termination "normal"]
[Board "35"]
[WhiteElo "1007"]
[BlackElo "1145"]
[PlyCount "45"]
[WhiteFideId "1271993"]
[BlackFideId "12931365"]
[EventCountry "GER"]
[EventRounds "11"]
[EventType "swiss"]
[EventDate "2010.05.22"]

1. e4 c5 2. Nf3 d6 3. d4 cxd4 4. Nxd4 Nf6 5. Nc3 a6 6. Be3 e6 7. Bc4 Be7 8. O-O
O-O 9. f4 Nbd7 10. g4 Nc5 11. Qf3 e5 12. Nf5 Bxf5 13. exf5 Qc7 14. g5 Nfd7 15.
g6 h6 16. gxf7+ Kh7 17. Qg3 Bf6 18. Qg6+ Kh8 19. fxe5 dxe5 20. Bxh6 b5 21.
Bxg7+ Bxg7 22. Qh5+ Bh6 23. Qxh6# 1-0

[Event "DEM U10/U10w 2010"]
[Site "Oberhof GER"]
[Date "2010.05.25"]
[Round "5"]
[White "Edelmann, Jonas"]
[Black "Lederer, Leia"]
[Result "0-1"]
[Termination "normal"]
[Board "36"]
[WhiteElo "1107"]
[BlackElo "971"]
[PlyCount "50"]
[BlackFideId "12926353"]
[EventCountry "GER"]
[EventRounds "11"]
[EventType "swiss"]
[EventDate "2010.05.22"]

1. e4 e5 2. g3 Nf6 3. Bg2 Nc6 4. Nc3 Bc5 5. Nf3 d6 6. O-O Bg4 7. d3 h6 8. Bd2
Nd4 9. Re1 Qd7 10. Be3 h5 11. Nd5 h4 12. gxh4 O-O-O 13. Bg5 Rdf8 14. Nxf6 gxf6
15. Bxf6 Rhg8 16. Kf1 Bh3 17. Ng5 Bxg2+ 18. Kxg2 d5 19. Bxe5 f6 20. Bxd4 Bxd4
21. f4 fxg5 22. hxg5 Rxf4 23. Kg3 Be5 24. d4 Rxg5+ 25. Qg4 Qxg4# 0-1

[Event "DEM U10/U10w 2010"]
[Site "Oberhof GER"]
[Date "2010.05.25"]
[Round "5"]
[White "Giede, Anna-Blume"]
[Black "Simon, Tessa"]
[Result "1/2-1/2"]
[Termination "normal"]
[Board "38"]
[WhiteElo "927"]
[BlackElo "1270"]
[PlyCount "50"]
[WhiteFideId "12921980"]
[BlackFideId "12929395"]
[EventCountry "GER"]
[EventRounds "11"]
[EventType "swiss"]
[EventDate "2010.05.22"]

1. e4 e5 2. Bc4 Nf6 3. d3 Nc6 4. c3 Na5 5. Bb5 a6 6. Ba4 b5 7. Bc2 c5 8. Nf3 d6
9. h3 Be6 10. O-O h6 11. Nbd2 Be7 12. Re1 O-O 13. Nf1 Nc6 14. Ng3 Qd7 15. Kh2
Rfe8 16. d4 cxd4 17. cxd4 exd4 18. Nxd4 Nxd4 19. Qxd4 d5 20. e5 Nh7 21. Nh5
Rac8 22. Bd3 Bc5 23. Qf4 Kh8 24. Qg3 Rg8 25. Bd2 Bf5 1/2-1/2

[Event "DEM U10/U10w 2010"]
[Site "Oberhof GER"]
[Date "2010.05.25"]
[Round "5"]
[White "Bach, Kira Annika"]
[Black "Denkert, Anna"]
[Result "0-1"]
[Termination "normal"]
[Board "39"]
[WhiteElo "1071"]
[BlackElo "914"]
[PlyCount "90"]
[WhiteFideId "12907677"]
[BlackFideId "12938122"]
[EventCountry "GER"]
[EventRounds "11"]
[EventType "swiss"]
[EventDate "2010.05.22"]

1. e4 e5 2. Nf3 Nf6 3. Nxe5 d6 4. Nf3 Nxe4 5. Qe2 Qe7 6. d3 Nf6 7. Qxe7+ Bxe7
8. Nc3 Nc6 9. d4 d5 10. Bb5 Bd7 11. Bf4 O-O-O 12. O-O-O Rhe8 13. Rhe1 Bb4 14.
Rxe8 Rxe8 15. Be5 Bxc3 16. bxc3 Ne4 17. Re1 Nxe5 18. Bxd7+ Nxd7 19. Kd1 Nxf2+
20. Kd2 Rxe1 21. Kxe1 Ne4 22. Nh4 Nxc3 23. Nf5 g6 24. Ne3 c6 25. a3 Nb5 26. c4
dxc4 27. Nxc4 Nxd4 28. Nd6+ Kc7 29. Nxf7 Nc2+ 30. Kd2 Nxa3 31. h4 Nc4+ 32. Kc3
Nce5 33. Ng5 h6 34. Ne6+ Kd6 35. Ng7 Ke7 36. h5 Kf7 37. Ne6 Kxe6 38. hxg6 Nxg6
39. Kd4 b5 40. Ke4 b4 41. Kd3 a5 42. Kc2 c5 43. Kb3 Nf4 44. g3 Nh5 45. g4 Nhf6
0-1

[Event "DEM U10/U10w 2010"]
[Site "Oberhof GER"]
[Date "2010.05.25"]
[Round "5"]
[White "Köhler, Inken"]
[Black "Allin, Katharina"]
[Result "0-1"]
[Termination "normal"]
[Board "40"]
[WhiteElo "786"]
[BlackElo "1059"]
[PlyCount "58"]
[WhiteFideId "12929301"]
[BlackFideId "12903779"]
[EventCountry "GER"]
[EventRounds "11"]
[EventType "swiss"]
[EventDate "2010.05.22"]

1. e4 e5 2. Nf3 Nc6 3. d4 Nf6 4. Bg5 h6 5. dxe5 hxg5 6. exf6 Qxf6 7. Nc3 Bc5 8.
Bb5 a6 9. Nd5 Qd8 10. Bd3 g4 11. Nd2 d6 12. c3 Be6 13. O-O Bxd5 14. exd5 Qh4
15. Re1+ Ne7 16. Ne4 g3 17. Nxg3 Qxh2+ 18. Kf1 Kf8 19. Qf3 Re8 20. b4 Bb6 21.
Rab1 Rh6 22. Re6 f6 23. Rbe1 Kf7 24. R1e4 Rh4 25. Qe2 Rxe4 26. Rxe4 Qh6 27. Qc2
f5 28. Rxe7+ Rxe7 29. Nxf5 Qh1# 0-1

[Event "DEM U10/U10w 2010"]
[Site "Oberhof GER"]
[Date "2010.05.25"]
[Round "5"]
[White "Schneider, Jana"]
[Black "Cejda, Cecilia"]
[Result "1-0"]
[Termination "normal"]
[Board "44"]
[WhiteElo "1073"]
[BlackElo "894"]
[PlyCount "67"]
[WhiteFideId "12924997"]
[BlackFideId "12921122"]
[EventCountry "GER"]
[EventRounds "11"]
[EventType "swiss"]
[EventDate "2010.05.22"]

1. e4 c5 2. Nc3 Nc6 3. Nf3 Nf6 4. d4 cxd4 5. Nxd4 d6 6. Bb5 Bd7 7. Nxc6 bxc6 8.
Bc4 g6 9. O-O Bg7 10. Rb1 O-O 11. Bd2 Qc7 12. Bf4 Rab8 13. f3 Qb6+ 14. Kh1 Qc5
15. Be2 Nh5 16. Bd2 Be5 17. Bh6 Ng3+ 18. hxg3 Bxg3 19. f4 Qb6 20. Bxf8 Qc7 21.
Bxe7 Qc8 22. Rf3 Bh3 23. Rxg3 Be6 24. Bxd6 Rb7 25. Ba6 Qd7 26. Bxb7 Qxb7 27. b3
Qb6 28. f5 g5 29. fxe6 h6 30. e7 Qf2 31. Rh3 Qf6 32. e8=Q+ Kh7 33. Qh5 Qxd6 34.
Qhxf7# 1-0

[Event "DEM U10/U10w 2010"]
[Site "Oberhof GER"]
[Date "2010.05.25"]
[Round "5"]
[White "Möller, Hannah"]
[Black "Ratay, Meike"]
[Result "1-0"]
[Termination "normal"]
[Board "45"]
[WhiteElo "854"]
[BlackElo "930"]
[PlyCount "39"]
[WhiteFideId "1270514"]
[BlackFideId "12977608"]
[EventCountry "GER"]
[EventRounds "11"]
[EventType "swiss"]
[EventDate "2010.05.22"]

1. e4 e5 2. Nf3 Nc6 3. d4 exd4 4. Nxd4 Bc5 5. c3 Nf6 6. Nxc6 bxc6 7. Bd3 d6 8.
O-O O-O 9. Bf4 h6 10. Nd2 d5 11. e5 Nh5 12. Qxh5 f6 13. Qg6 Qe8 14. Qh7+ Kf7
15. Bg6+ Ke6 16. Bxe8 Rxe8 17. Qxg7 Kf5 18. Qxf6+ Kg4 19. Qxh6 Rf8 20. Qg5# 1-0

[Event "DEM U10/U10w 2010"]
[Site "Oberhof GER"]
[Date "2010.05.25"]
[Round "5"]
[White "Schneider, Xenia"]
[Black "Main, Laetitia Chantal"]
[Result "0-1"]
[Termination "normal"]
[Board "46"]
[WhiteElo "777"]
[BlackElo "922"]
[PlyCount "112"]
[WhiteFideId "12911984"]
[EventCountry "GER"]
[EventRounds "11"]
[EventType "swiss"]
[EventDate "2010.05.22"]

1. e4 e5 2. Nf3 Nc6 3. Nc3 Bc5 4. Bc4 Nf6 5. d4 exd4 6. Na4 d6 7. Ng5 d5 8.
exd5 Nxd5 9. O-O b6 10. Qf3 Be6 11. Qe2 Qd7 12. Qd3 h6 13. Ne4 Qe7 14. Qg3 O-O
15. Bxh6 g6 16. Bg5 Qe8 17. Nf6+ Nxf6 18. Bxf6 Be7 19. Bxe6 Bxf6 20. Bd5 Qe5
21. Qxe5 Bxe5 22. Rae1 Rfe8 23. Re4 Rad8 24. Bxc6 Re6 25. Bb5 Rd5 26. Bc4 c6
27. Bxd5 cxd5 28. Rh4 Rc6 29. c3 Bd6 30. Rxd4 b5 31. Rxd5 bxa4 32. Ra5 Rc4 33.
Rxa7 Rh4 34. h3 g5 35. Rd1 Bc5 36. Rb7 g4 37. g3 Rxh3 38. Rdd7 Rxg3+ 39. Kf1
Rf3 40. Rbc7 Bxf2 41. Kg2 Kg7 42. Rc6 Kf8 43. Rc8+ Kg7 44. Rc6 Be3 45. b3 axb3
46. axb3 Bf4 47. b4 Re3 48. b5 Re2+ 49. Kg1 g3 50. Rxf7+ Kxf7 51. Kf1 Rf2+ 52.
Kg1 Be3 53. c4 Rh2+ 54. Kf1 Rd2 55. b6 g2+ 56. Ke1 g1=Q# 0-1